| 000 | 01641nam a2200325 a 4500 | ||
|---|---|---|---|
| 001 | 000025206 | ||
| 003 | DO-SdBNP | ||
| 005 | 20221020111457.0 | ||
| 008 | 110211s1998 dr ab 000 0 spa d | ||
| 020 | _a8489525587 | ||
| 040 |
_aDO-SdBNP _bspa _cBPMSU |
||
| 082 |
_a305.563 _bL925j 1998 _222 |
||
| 100 | 1 |
_aLozano, Wilfredo _d1950- |
|
| 245 | 1 | 0 |
_aJornaleros e inmigrantes / _cWilfredo Lozano. |
| 260 |
_aSanto Domingo : _bFLASCO _bINTEC, _c1998. |
||
| 300 |
_a189 p. : _bil., map. ; _c22 cm. |
||
| 500 | _aIncluye datos biográficos del autor en la solapa de la contracubierta | ||
| 504 | _aIncluye referencias bibliográficas y notas al pie de las páginas | ||
| 504 | _aBibliografía : p. 173-181 | ||
| 505 | _aTipología de los jornaleros 21 -- Características sociodemográficas de los jornaleros 29 -- El proceso de incorporación al mercado de trabajo y la demanda estacional de mano de obra 31 -- El flujo estacional de mano de obra y sus diferencias regionales 52 -- Los proceso migratorios estacionales y el mercado de trabajo 58 -- Los mecanismos de reclutamientos y contratación y el control de la movilidad del trabajo 81 -- Economía política de la cosecha 90 | ||
| 590 | _6Inventariado, 2022/VM | ||
| 650 | 4 |
_aTrabajadores agrícolas extranjeros _zRepública Dominicana |
|
| 650 | 4 |
_a Extranjeros ilegales _zRepública Dominicana |
|
| 651 | 4 |
_aRepública Dominicana _xEmigración inmigración |
|
| 651 | 4 |
_aHaití _xEmigración inmigración |
|
| 710 | 2 | _aFacultad Latinoamericana de Ciencias Sociales | |
| 710 | 2 | _aInstituto Tecnológico de Santo Domingo | |
| 910 | _aVMateo V./Validado | ||
| 942 |
_2ddc _cBK |
||
| 999 |
_c14312 _d14312 |
||